000 01541nam a22001577a 4500
999 _c522007
_d522007
008 230307b ||||| |||| 00| 0 eng d
100 _aBhuta, Aishwarya
_938269
245 _aImbalancing act: India’s industrial relations code, 2020
260 _aThe Indian Journal of Labour Economics
300 _a 65(3), Jul-Sep, 2022: p. 821-830
520 _aThe ruling National Democratic Alliance regime in India pushed through three labour codes in September 2020 namely the Code on Social Security; Occupational Safety, Health and Working Conditions Code; and the Industrial Relations Code. These alongside the Code on Wages approved earlier in 2019 amalgamate several labour laws. This study is an endeavour towards a critical examination of the Industrial Relations Code, 2020. It engages in a comparative analysis of the various provisions of the Code vis-à-vis the laws which were its predecessors. Some key features of the Code as well as their ramifications are probed. Further, their potential impact on trade unionism and the right to strike is discussed. The relationship between capital and labour is adversarial rather than complementary. This paper argues that reforms in the real sense must seek to balance the interests of both parties rather than that of employers alone. – Reproduced
650 _aLabour law reforms, Industrial Relations Code, 2020, Labour market flexibility, Fixed term employment, Trade unions, Strike.
_936625
773 _aThe Indian Journal of Labour Economics
906 _aLABOURS
942 _cAR